00766naa#a2200205#i#4500001002300000005001700023011001400040100004100054101000800095102000700103200012500110210005100235215001100286608002700297675013200324700001900456700005200475700001900527856001400546EN\INFRA-M\bibl\10573020260414175605.2##a2500-3291##a20250831b2025####ek#y0engy0150####ca0#aENG##aRU1#aProblems of assessing the impact of the level 
of digitalization on the achievement of national goalseJournal article1#aMoscowcINFRA-M Academic Publishing LLC.d2025##a11 с.##aJournal article2local##aЭкономическая политика. Управление и планирование в экономике. 338.2zENG#1aTebekingA. V.#1aMitropol'skaya-RodionovagNadezhda Vladimirovna#1aSysoevagK. B.4#azh-szf.ru